000 01088nam a2200241Ia 4500
008 191130s1999##################000#0#eng##
020 _a8176491225
022 _a2003333606
040 _aACL
_cACL
082 _a355 DRD
100 _aVigyan Bhawan
245 _aProceedings of international seminar, force multiplier technologies for naval and land warfare October 13-15, 1999, Vigyan Bhawan, New Delhi
_c[organized by] Defence Research and Development Organisation, Ministry of Defence
260 _aNew Delhi
_bDefence Research and Development Organisation, Viva Books
_cc1999
300 _a505 p. : ill. ; 24 cm
500 _aIncludes bibliographical references and index
650 _aMilitary art and science
650 _aMilitary art and science - Congresses
650 _aNaval art and science - Congresses
710 _aDefence Research & Development Organisation (India), International Seminar, Force Multiplier Technologies for Naval and Land Warfare (1999 : New Delhi, India)
990 _a36c00572ac10000c63047e5b5bf7b98b
991 _a51164
999 _c44480
_d44480